1126 1675 1136 1108 1069 1062 1036 1853 1132 1556 1710 1065 1463 1062 1765 1564 1599 1735 1889 1480 1852 1590 1297 1424 1540 1231 1101 1260 1311 1821 1343 1968 1624 1678 1547 1472 1702 1286 1504 1429 1690 1294 1958 1355 1876 1344 1560 1161 1014 1697 1998 1960 1230 1699 1956 1778 1788 1435 1625 1013 1966 1721 1670 1710 1722 1244 1575 1419 1450 1538 1245 1050 1387 1779 1275 1514 1150 1767 1117 1504 1883 1559 1953 1262 1096 1808 1116 1375 1343 1516 1947 1860 1265 1918 1102 1221 1170 1442 1759 BCNSPRNW ULIB Ver.6.0+V

เปลี่ยนเป็นภาษาไทย

Change to English
 แสดงรายละเอียดบรรณานุกรม
  กลับหน้าหลัก

Brief Record : Get Marc (ISO 2709) : E-mail record : QR code < ปิดหน้าต่าง
LEADER : 00000nam 2200000uu 4500
001    13399120470
003     ULIB
008    020711s2550 th a 000 0 tha d
020    9789749093276
050    WB327^bอ823ร
100    รีดเดอร์ส ไดเจสท์ ประเทศไทย
245    รักษาโรคด้วยวิธีธรรมชาติ/^cรีดเดอร์ส ไดเจสท์ ประเทศไทย
250    พิมพ์ครั้งที่ 1
260    กรุงเทพฯ :^bรีดเดอร์ส,^c2550
650    แพทย์ทางเลือก^xการรักษาโรค
945    ^p0^l0^i16554
999    ^aทศพร เกษรทอง
รายการนี้ยังไม่มีแท็ก
คุณยังไม่ได้ล็อกอิน คุณสามารถมีกิจกรรมร่วมกับเว็บไซต์ได้ แต่ต้องล็อกอินก่อน ::
  ล็อกอิน

รายการสื่อสารสนเทศ

ลำดับที่ ประเภท เลขเรียก/บาร์โค้ด สถานที่ สถานะ
- ไม่พบข้อมูล -

BibComment


ยังไม่เคยถูกคอมเมนท์

คอมเมนท์ทรัพยากรรายการนี้
  คอมเมนท์: รักษาโรคด้วยวิธีธ..


 Copyright 2026. Bcnsprnw @Library